4 Characters, 1 Show Quiz Stats

 Plays Quiz Updated Jun 11, 2016

Challenge
Share
Tweet
Score 0/12 Timer 04:00
5 Plays Today
% Correct
Fred
94.7%
Leonardo
90.2%
Carrie
87.2%
Raj
87.2%
George
84.9%
Dorothy
84%
Stan
80.1%
Will
74.6%
Peter
62.4%
Cory
62.2%
Liz
53%
Mac
42.8%

You're not logged in!

Compare scores with friends on all Sporcle quizzes.
Join for Free
OR
Log In

You Might Also Like...

Show Comments

Extras

Top Quizzes Today


Score Distribution

Your Account Isn't Verified!

In order to create a playlist on Sporcle, you need to verify the email address you used during registration. Go to your Sporcle Settings to finish the process.

Report this User

Report this user for behavior that violates our Community Guidelines.

Details: